000 00709nam a2200229Ia 4500
003 GCL
005 20240530095408.0
008 140319s9999 xx 000 0 ara d
020 _a9198102977
040 _aGCL /
_cGCL
082 0 4 _a813.02
_bط/ك ق
100 1 _aكامل كيلانى
245 1 0 _aاللحية الزرقاء /
_cكامل كيلانى
260 _aالقاهرة :
_bالهيئة المصرية العامة للكتاب ،
_c1987
300 _a ؛
_c20 سم
490 _aعجائب القصص
_v0
650 0 4 _aالقصص القصيرة
650 0 4 _aقصص الاطفال
650 0 4 _aالقصص الفكاهية
650 0 4 _aالحيوانات - قصص
942 _2ddc
_cBK
999 _c6816
_d6816